| 000 | 00999cam a2200253 i 4500 | ||
|---|---|---|---|
| 003 | SA-RiAUC | ||
| 005 | 20250519092309.0 | ||
| 008 | 250515s1971 le g 000 0 ara c | ||
| 040 |
_aSA-JeALM _bara _cSA-RiAUC _erda |
||
| 082 | 0 | 4 | _aؤ |
| 090 |
_a214 _b ج م ا |
||
| 100 | 1 |
_aجمال، أحمد محمد صالح، _d1343-1413 هجري _eمؤلف. |
|
| 245 | 1 | 0 |
_aمحاضرات في الثقافة الإسلامية / _cبقلم أحمد محمد جمال. |
| 250 | _aالطبعة الأولى. | ||
| 264 | 1 |
_aبيروت : _bدار الفكر، _c1971 |
|
| 300 |
_a294 صفحة ؛ _c24 سم |
||
| 336 |
_aنص _btxt _2rdacontent _3كتاب |
||
| 337 |
_aبدون وسيط _bn _2rdamedia |
||
| 338 |
_aمجلد _bnc _2rdacarrier |
||
| 500 | _aإهداء من المؤلف أحمد محمد جمال بتاريخ 1391/8/27 هـ | ||
| 650 | 7 |
_aالثقافة الإسلامية _vمقالات ومحاضرات _2aucsh |
|
| 942 |
_2ddc _cBOOK _n0 |
||
| 949 |
_aSA-JeALM _d250515 _umohamedma123 _n1 |
||
| 999 |
_c8089 _d8089 |
||